| Поле | Инд. | ПП | Название | Значение |
|---|---|---|---|---|
| Тип записи | a | |||
| Библиографический уровень | m | |||
| 001 | Контрольный номер | fab26c92-18a9-4e2b-8295-19bf2ed0bae3 | ||
| 005 | Дата корректировки | 20161021160726.0 | ||
| 008 | Кодируемые данные | 001204 d | ||
| 020 | a | ISBN | 5-85500-240-3.-ISBN 5-88500-240-3 | |
| 080 | a | Индекс УДК | 910.4(100)(26) | |
| 084 | a | Индекс другой классификации/Индекс ББК | Д9(0)022 | |
| a | Индекс другой классификации/Индекс ББК | Ч517.178 | ||
| 090 | a | Полочн. индекс | Д9(0) | |
| x | Авторский знак | П 40 | ||
| 100 | 1_ | a | Автор | Плякин Александр Валентинович |
| q | Полное имя | Плякин А. В. | ||
| 245 | 10 | a | Заглавие | За чертой Большого круга |
| b | Продолж. заглавия | [Рассказ чл. экипажа яхты "Икар" о кругосвет. плавании, 1987-1988 гг.] | ||
| 260 | 0_ | a | Место издания | Калининград |
| b | Издательство | Книжное изд-во | ||
| c | Дата издания | 1993 | ||
| 300 | a | Объем | 94,[1] с. | |
| b | Иллюстрации/ тип воспроизводства | ил. | ||
| 650 | 04 | y | Хронологическая подрубрика | 20 в. |
| 653 | 0_ | a | Ключевые слова | Кругосветные путешествия |
| a | Ключевые слова | Парусный спорт | ||
| a | Ключевые слова | Морские путешествия | ||
| a | Ключевые слова | География | ||
| 901 | t | Тип документа | m | |
| 920 | a | Оператор | Поля | |
| 952 | c | Вид литературы | К рх | |
| 954 | a | Дата поступления на обработку | 18.10.95 | |
| b | Дата поступления в ОК | 20160225ред |